Wszystkie flagi Niemiec - Statystyki

Ogólne statystyki
  • Ten quiz został rozwiązany 45 razy
  • Średni wynik to 4 z 5
Statystyki odpowiedzi
Obrazkowy Hint Odpowiedź % Poprawnych
1949-obecnie Niemcy
94%
1949-1990 NRD
71%
962-1806 Święte Cesarstwo Rzymskie
71%
1806-1918 Cesarstwo Niemieckie
68%
1935-1945 III Rzesza
58%
Nie znaleziono quizów pasujących do podanych kryteriów
Rozkład punktacji
Procent ludzi z każdym wynikiem
Percentyl według liczby udzielonych odpowiedzi
Twoja historia wyników
Nie rozwiązałeś tego quizu